000 00531nam a2200169Ia 4500
999 _c27635
_d27635
003 OSt
005 20210104110021.0
008 190216s9999||||xx |||||||||||||| ||und||
040 _coclc
082 _a894.8121
_bEZH/S
100 _aEzhuthachan, Thunchath
_97468
245 0 _aSundarakandam :
_bAdhayatma Ramayanam Kilippattu /
_cThunchath Ezhuthachan
260 _bUniversity Of Calicut,
_c1997.
_aCalicut:
300 _a110p
650 _aKavithkal
942 _cBK
_2ddc
_h894.8121
_iEZH/S
_k894.8121
_mEZH/S